Alle Vereine der Top 5 Ligen - Statistiken

Allgemein
  • Dieses Quiz wurde 3.018 mal gespielt
    645 seit der letzten Aktualisierung
  • Das Durchschnittsergebnis liegt bei 67 aus 96
Antwortstatistiken
Bundesliga % Korrekt
Bayern München
100%
Borussia Dortmund
99%
Bayer Leverkusen
98%
Manchester City
97%
FC Barcelona
96%
Manchester United
96%
Paris Saint Germain
96%
RB Leipzig
96%
Real Madrid
96%
Eintracht Frankfurt
95%
FC Arsenal
94%
FC Liverpool
94%
Werder Bremen
94%
AC Mailand
93%
Hamburger SV
93%
Inter Mailand
93%
1. FC Heidenheim
92%
FC St. Pauli
92%
VFB Stuttgart
92%
1. FC Köln
91%
1. FC Union Berlin
91%
1. FSV Mainz 05
91%
FC Augsburg
91%
Juventus Turin
91%
SC Freiburg
91%
TSG 1899 Hoffenheim
91%
Atletico Madrid
90%
Borussia Mönchengladbach
90%
FC Chelsea
90%
Olympique Lyon
90%
Olympique Marseille
90%
VfL Wolfsburg
90%
SSC Neapel
89%
Tottenham Hotspur
87%
Aston Villa
86%
AS Rom
85%
FC Sevilla
84%
Espanyol Barcelona
83%
Lazio Rom
83%
Newcastle United
83%
AS Monaco
78%
FC Valencia
78%
Paris FC
77%
West Ham United
76%
FC Villarreal
75%
Atalanta Bergamo
73%
Athletic Bilbao
73%
LOSC Lille
73%
Real Betis
73%
FC Everton
70%
Nottingham Forest
70%
AFC Sunderland
67%
Brighton & Hove Albion
66%
RCD Mallorca
66%
Leeds United
65%
OGC Nizza
65%
Wolverhampton Wanderers
65%
AC Florenz
64%
Crystal Palace
63%
FC Turin
63%
Real Sociedad San Sebastian
63%
FC Fulham
59%
Racing Straßburg
59%
FC Girona
58%
Stade Rennes
58%
Como 1907
56%
FC Burnley
56%
FC Nantes
55%
FC Bologna
54%
FC Brentford
52%
Stade Brest
52%
RC Lens
51%
AFC Bournemouth
50%
CFC Genua 1893
50%
FC Toulouse
50%
Udinese Calcio
49%
Celta Vigo
48%
Parma Calcio
48%
FC Getafe
47%
Sassuolo Calcio
46%
Hellas Verona
44%
Rayo Vallecano
43%
UD Levante
43%
Cagliari Calcio
42%
FC Elche
40%
FC Metz
40%
US Lecce
38%
AC Le Havre
34%
CA Osasuna
34%
Real Oviedo
34%
AJ Auxerre
33%
Deportivo Alaves
32%
FC Lorient
30%
US Cremonese
29%
Pisa Sporting Club
28%
Angers SCO
21%
Keine übereinstimmenden Quizze gefunden
Verteilung der Resultate
Anzahl Personen mit jedem Resultat
Perzentil nach korrekt beantworteten Fragen
Ihre Resultats-Entwicklung
Sie haben dieses Quiz seit der letzten Aktualisierung nicht gespielt